Matemática : 2 es /

Guardado en:
Autor Principal: Blatman, Ariel
Otros Autores: Delupí, Gustavo, Folino, Patricia, Giménez, Cecilia, Vázquez, Amanda
Formato: Libro
Publicado: Buenos Aires : Estrada, 2010
Series:Confluencias
Materias:
Etiquetas: Agregar Etiqueta
Sin Etiquetas, Sea el primero en etiquetar este registro!
LEADER 01051nam a22002775a 4500
001 CEM.cems013498
005 20110303105628.0
008 130507s2010##################000#0#####d
003 CEMS
020 |a 9789500112123 
082 0 4 |a Z510 
100 1 |a Blatman, Ariel 
245 1 0 |a Matemática :  |b 2 es /  |c Ariel Blatman ... [et Al.] 
260 |a Buenos Aires :  |b Estrada,  |c 2010 
300 |a 208 p. 
490 0 |a Confluencias 
500 |a Para nivel Educación Secundaria Básica 
505 0 |a Los números enteros -- Figuras planas -- Los números racionales -- Expresiones algebraícas -- Perímetros y áreas de figuras -- Funciones -- Ecuación de la recta -- Sistemas de ecuaciones -- Los cuerpos geométricos y sus medidas -- Estadística y probabilidad 
653 |a Matemática 
653 |a Matemática-2º esb 
653 |a Matemática-8º egb 
700 1 |a Delupí, Gustavo 
700 1 |a Folino, Patricia 
700 1 |a Giménez, Cecilia 
700 1 |a Vázquez, Amanda 
859 |a CEMS  |b BIB. CEMS - 11 de abril  |h Z510  |i B613  |p 26108.11  |t Ej.1  |v 2  |3 2